00653nam a2200205Ia 4500008004100000020001800041050001600059100002100075245002600096245007200122260001300194260001800207260000900225300001600234300002800250300001000278300002600288999001900314952011400333170918s9999 xx 000 0 und d a9781580134927 bF683tw 2009 aFontes, Justine  aCaptured by pirates / cstory by Justine Fontes and Ron Fontes ; illustrated by David Witt. aLondon : bLerner Books, c2009 a111 pages : bcolored illustrations ; c19cm. eTwisted journeys ; 1. c344267d344267 001040aSSISMbSSISMd2017-09-18l0oGS FIC F683tw 2009 bk 1pSSISM3339r2017-09-18 00:00:00w2017-09-18yBK